Most Frequently Guessed Countries on Jetpunk - Statistics

General Stats
  • This quiz has been taken 31 times
  • The average score is 63 of 72
Answers on the Map
Answers color-coded by a green-red scale on the quiz's map according to % correct below.
 
Answer Stats
% Guessed Country % Correct
96% United States
100%
92% Australia
96%
92% Brazil
96%
95% Canada
96%
93% China
96%
75% Cuba
96%
91% Germany
96%
90% Japan
96%
94% Russia
96%
77% Ukraine
96%
93% United Kingdom
96%
86% Argentina
93%
82% Finland
93%
93% France
93%
86% Iceland
93%
90% India
93%
86% Ireland
93%
92% Italy
93%
93% Mexico
93%
74% Mongolia
93%
83% North Korea
93%
84% South Korea
93%
85% Sweden
93%
82% Turkey
93%
62% Algeria
89%
64% Bolivia
89%
84% Chile
89%
73% Colombia
89%
85% Egypt
89%
81% Greece
89%
72% Indonesia
89%
67% Kazakhstan
89%
83% Norway
89%
75% Pakistan
89%
76% Peru
89%
81% Poland
89%
86% Portugal
89%
84% South Africa
89%
91% Spain
89%
76% Switzerland
89%
70% Thailand
89%
64% Venezuela
89%
69% Afghanistan
86%
73% Belgium
86%
80% Denmark
86%
80% Iran
86%
77% Iraq
86%
75% Netherlands
86%
80% New Zealand
86%
64% Philippines
86%
65% Romania
86%
72% Saudi Arabia
86%
69% Vietnam
86%
73% Austria
82%
61% Czech Republic
82%
65% Democratic Republic of the Congo
82%
68% Israel
82%
74% Niger
82%
65% Nigeria
82%
64% Panama
82%
63% Sudan
82%
71% Morocco
79%
64% Hungary
75%
76% Madagascar
75%
61% Nepal
75%
62% Paraguay
75%
60% Slovakia
75%
66% Uruguay
75%
63% Republic of the Congo
71%
63% Croatia
64%
60% Estonia
64%
60% Yemen
54%
No matching quizzes found
Score Distribution
Percent of People with Each Score
Percentile by Number Answered
Your Score History
You have not taken this quiz